Ճպուռն ու մրջյունը : (Record no. 143569)
[ view plain ]
| 000 -LEADER | |
|---|---|
| fixed length control field | 00925nam a2200205 a 4500 |
| 001 - CONTROL NUMBER | |
| control field | 000375757 |
| 003 - CONTROL NUMBER IDENTIFIER | |
| control field | AM-YeHGA |
| 005 - DATE AND TIME OF LATEST TRANSACTION | |
| control field | 20250618072306.0 |
| 008 - FIXED-LENGTH DATA ELEMENTS--GENERAL INFORMATION | |
| fixed length control field | 041101s1983 ai 000 | arm d |
| 040 ## - CATALOGING SOURCE | |
| Original cataloging agency | AM-YeHGA |
| 041 1# - LANGUAGE CODE | |
| Language code of text/sound track or separate title | arm |
| Language code of original | rus |
| 090 ## - LOCALLY ASSIGNED LC-TYPE CALL NUMBER (OCLC); LOCAL CALL NUMBER (RLIN) | |
| -- | 144950 |
| 245 10 - TITLE STATEMENT | |
| Title | Ճպուռն ու մրջյունը : |
| Remainder of title | [Առակ] : Նախադպր. տարիքի համար / |
| Statement of responsibility, etc. | Ի.Ա. Կռիլով; Փոխադր.՝ Խնկո Ապեր; Նկ.՝ Ս.Գ. Սաֆյան; Խմբ.՝ Հ.Վ. Վարդանյան. |
| 260 ## - PUBLICATION, DISTRIBUTION, ETC. | |
| Place of publication, distribution, etc. | Երևան : |
| Name of publisher, distributor, etc. | Սովետական գրող, |
| Date of publication, distribution, etc. | 1983. |
| 300 ## - PHYSICAL DESCRIPTION | |
| Extent | [12] էջ : |
| Other physical details | գունանկ. ; |
| Dimensions | 17 սմ. |
| 650 14 - SUBJECT ADDED ENTRY--TOPICAL TERM | |
| Topical term or geographic name entry element | Ռուս մանկական գրականություն |
| General subdivision | Առակ |
| 700 0# - ADDED ENTRY--PERSONAL NAME | |
| Personal name | Խնկո Ապեր, |
| Dates associated with a name | 1870-1935 |
| Relator term | փոխադր. |
| Relationship | trl |
| 700 1# - ADDED ENTRY--PERSONAL NAME | |
| Personal name | Վարդանյան, Հայկ Վարդանի, |
| Dates associated with a name | 1926- |
| Relator term | խմբ. |
| Relationship | edt |
| 700 1# - ADDED ENTRY--PERSONAL NAME | |
| Personal name | Սաֆյան, Սպարտակ Գևորգի, |
| Dates associated with a name | 1929-2001 |
| Relator term | նկ. |
| Relationship | art |
| 9 (RLIN) | 4028 |
| Withdrawn status | Lost status | Damaged status | Not for loan | Collection | Home library | Current library | Date acquired | Total checkouts | Full call number | Barcode | Date last seen | Cost, replacement price | Price effective from | Koha item type | Public note |
|---|---|---|---|---|---|---|---|---|---|---|---|---|---|---|---|
| General | Fundamental Scientific Library | Fundamental Scientific Library | 22/12/2016 | AI/17383 | FL0059472 | 22/12/2016 | 10.00 | 22/12/2016 | Գրքեր / Books | 30 Days Loan |
ՀՀ Գիտությունների ազգային ակադեմիայի հիմնարար գիտական գրադարան = Fundamental Scientific Library of NAS RA
All site content, except where otherwise noted, is licensed under a